[Event "Anapa Sea Harbor op"]
[Site "Anapa"]
[Date "2023.06.02"]
[Round "1"]
[White "Nefedov, Sergey Anatolievich"]
[Black "Shipichkina, Ksenia"]
[Result "1-0"]
[WhiteElo "2300"]
[BlackElo "1565"]
[PlyCount "87"]
[EventDate "2023.06.02"]
[EventType "swiss"]
[EventRounds "9"]
[EventCountry "RUS"]
[SourceTitle "CBM 214 Extra"]
[Source "ChessBase"]
[SourceDate "2023.07.31"]
[SourceVersion "1"]
[SourceVersionDate "2023.07.31"]
[SourceQuality "1"]

1. d4 Nf6 2. Nf3 d5 3. c4 e6 4. Nc3 Be7 5. Bf4 0-0 6. e3 c6 7. Qc2 Nbd7 8. h3 b6 9. cxd5 exd5 10. Bd3 Bb7 11. g4 g6 12. 0-0-0 c5 13. Rhg1 c4 14. Be2 a6 15. Ne5 b5 16. g5 Ne8 17. h4 b4 18. Nxd7 Qxd7 19. Bg4 Qc6 20. Ne2 Bc8 21. h5 Nd6 22. f3 Bxg4 23. Rxg4 Rac8 24. Rh1 Qd7 25. Rgh4 Nf5 26. hxg6 Nxh4 27. gxh7+ Kh8 28. Rxh4 b3 29. Qb1 bxa2 30. Qxa2 Qf5 31. Qb1 Qxb1+ 32. Kxb1 f6 33. g6 Rfd8 34. Ng3 Bf8 35. Nf5 Rd7 36. Bh6 Rb8 37. Bxf8 Rxf8 38. Kc2 Rb8 39. e4 Rbb7 40. exd5 Ra7 41. Kc3 Rac7 42. d6 Ra7 43. Kxc4 Rab7 44. Kd5 1-0